Komentár k zákonu o miestnych daniach ...

Komentár k zákonu o miestnych daniach a miestnom poplatku za komunálne odpady a drobné stavebné odpady.

Na minha lista:
Detalhes bibliográficos
Autor principal: Košalová, Lia
Outros Autores: Vargová, Mária, Hečková, Radka
Formato: Capítulo de Livro
Idioma:eslovaco
Assuntos:
Tags: Adicionar Tag
Sem tags, seja o primeiro a adicionar uma tag!

MARC

LEADER 00000naa$a2200000$$$4500
001 0069317
005 20231114095920.5
041 0 |a slo 
044 |a SK 
245 1 0 |a Komentár k zákonu o miestnych daniach ...  |c Lia Košalová, Mária Vargová, Radka Hečková 
520 |a Komentár k zákonu o miestnych daniach a miestnom poplatku za komunálne odpady a drobné stavebné odpady. 
610 2 0 |a dane miestne 
610 2 0 |a poplatky miestne 
610 2 0 |a Slovensko 
610 2 0 |a zákony 
610 2 0 |a 2007 
610 2 0 |a komentáre 
100 1 |a Košalová, Lia 
700 1 |a Vargová, Mária 
700 1 |a Hečková, Radka